PROLEC-SE-R (Registro nro. 317631)
[ vista simple ]
| 000 -ENCABEZADO | |
|---|---|
| Número de control [NR] | 01069nam a2200253 c 4500 |
| 005 - FECHA Y HORA DE LA ÚLTIMA TRANSACCIÓN | |
| control field | 20201105145311.0 |
| 008 - DE LONGITUD FIJA DE DATOS DE ELEMENTOS - INFORMACIÓN GENERAL | |
| Elementos de longitud fija [NR] | 201105s2016 sp a|||gr|||| 00| 0 spa d |
| 020 ## - NUMERO INTERNACIONAL NORMALIZADO PARA LIBROS [R] | |
| Número Internacional Normalizado del libro [NR] | 9788416231379 |
| 040 ## - FUENTE DE CATALOGACION [NR] | |
| Agencia de catalogación original [NR] | CO-BoUCM |
| Idioma de catalogación [NR] | spa |
| Quien Cataloga | Deissy Garcia |
| Quien Clasifica | Deissy Garcia |
| 041 0# - CODIGO DE IDIOMA [R] | |
| Código de idioma para texto/pista de sonido o título separado [R] | Español |
| 100 ## - ASIENTO PRINCIPAL--NOMBRE PERSONAL [NR] | |
| Nombre personal [NR] | Cuetos Vega, Fernando |
| ID Autoridad | 37107 |
| 245 10 - MENCION DE TITULO [NR] | |
| Título [NR] | PROLEC-SE-R |
| Parte restante del título [NR] | Batería para la evaluación de los procesos lectores en secundaria y bachillerato |
| Mención de responsabilidad, etc. [NR] | Fernando Cuetos Vega, David Arribas Águila, José Luis ramos Sánchez |
| 260 ## - PUBLICACION, DISTRIBUCION, ETC. (PIE DE IMPRENTA) [R] | |
| Lugar de publicación, distribución, etc. [R] | Madrid |
| Nombre del editor, distribuidor, etc. [R] | Tea |
| Fecha de publicación, distribución, etc. [R] | 2016 |
| 300 ## - DESCRIPCION FISICA [R] | |
| Extensión [R] | 118 páginas |
| Otros detalles físicos [NR] | ilustraciones |
| 504 ## - NOTA DE BIBLIOGRAFIA, ETC. [R] | |
| Nota de bibliografía, etc. [NR] | Incluye referencias bibliográficas |
| 650 ## - ASIENTO SECUNDARIO DE MATERIA - TERMINO TEMATICO [R] | |
| Término temático o nombre geográfico como elemento de entrada [NR] | Lectura |
| Subdivisión de forma [R] | Manuales |
| Subdivisión general [R] | Educación secundaria |
| 9 (RLIN) | 101433 |
| 650 ## - ASIENTO SECUNDARIO DE MATERIA - TERMINO TEMATICO [R] | |
| Término temático o nombre geográfico como elemento de entrada [NR] | Lectura |
| Subdivisión de forma [R] | Manuales |
| Subdivisión general [R] | Enseñanza correctiva |
| 9 (RLIN) | 101431 |
| 650 ## - ASIENTO SECUNDARIO DE MATERIA - TERMINO TEMATICO [R] | |
| Término temático o nombre geográfico como elemento de entrada [NR] | Comprensión de lectura |
| Subdivisión general [R] | Evaluación |
| -- | Educación secundaria |
| 9 (RLIN) | 101434 |
| 650 ## - ASIENTO SECUNDARIO DE MATERIA - TERMINO TEMATICO [R] | |
| Término temático o nombre geográfico como elemento de entrada [NR] | Dificultad en la lectura |
| 9 (RLIN) | 13260 |
| 700 1# - ASIENTO SECUNDARIO - NOMBRE PERSONAL [R] | |
| 9 (RLIN) | 101429 |
| Nombre personal [NR] | Arribas, David |
| 700 ## - ASIENTO SECUNDARIO - NOMBRE PERSONAL [R] | |
| 9 (RLIN) | 37106 |
| Nombre personal [NR] | Ramos Sánchez, José Luis |
| 942 ## - ELEMENTOS DE ENTRADA AGREGADOS (KOHA) | |
| Tipo de ítem principal el descrito en 300a | Libro |
| Sistema de clasificación | DEWEY |
| Tema principal | Educación |
| Edición | 1 |
| Clasificación | 372.41 |
| Parte restante de la signatura top. | C965pro |
| Título oculto en OPAC | No |
| Fecha de último préstamo | Total préstamos | Total Renewals | Signatura topográfica | Código de barras | Última vez visto | Volúmen / Fascículo | Ejemplar | Costo de reposición | Price effective from | Tipo de ítem | Perdido | Sistema de clasificación | Dañado | No prestable | Tipo de ítem específico | Suprimido | Ubicación habitual | Ubicación actual | Localización | Fecha de creación | Proveedor | Forma de adquisición | Costo |
|---|---|---|---|---|---|---|---|---|---|---|---|---|---|---|---|---|---|---|---|---|---|---|---|
| 19/05/2026 | 15 | 2 | 372.41 C965pro | 100166187 | 25/05/2026 | Manual | Ej.1 | 902500.00 | 24/06/2020 | Libro | DEWEY | Libro | Quinta de Mutis | Quinta de Mutis | Mezanecs | 24/06/2020 | 156 | Compra | 902500.00 | ||||
| 11/05/2026 | 13 | 4 | 372.41 C965pro | 100166188 | 13/05/2026 | Cartilla | Ej.1 | 0.00 | 24/06/2020 | Libro | DEWEY | Libro | Quinta de Mutis | Quinta de Mutis | Mezanecs | 24/06/2020 | 156 | Compra | 0.00 | ||||
| 16/02/2024 | 3 | 372.41 C965pro | 100166190 | 11/12/2025 | Cuadernillo | Ej.2 | 0.00 | 24/06/2020 | Libro | DEWEY | Libro | Quinta de Mutis | Quinta de Mutis | Mezanecs | 24/06/2020 | 156 | Compra | 0.00 | |||||
| 19/05/2026 | 7 | 1 | 372.41 C965pro | 100166189 | 25/05/2026 | Cuadernillo | Ej.1 | 0.00 | 24/06/2020 | Libro | DEWEY | Libro | Quinta de Mutis | Quinta de Mutis | Mezanecs | 24/06/2020 | 156 | Compra | 0.00 | ||||
| 10/11/2025 | 7 | 1 | 372.41 C965pro | 100166192 | 11/12/2025 | Cuadernillo | Ej.4 | 0.00 | 24/06/2020 | Libro | DEWEY | Libro | Quinta de Mutis | Quinta de Mutis | Mezanecs | 24/06/2020 | 156 | Compra | 0.00 | ||||
| 10/11/2025 | 4 | 372.41 C965pro | 100166191 | 11/12/2025 | Cuadernillo | Ej.3 | 0.00 | 24/06/2020 | Libro | DEWEY | Libro | Quinta de Mutis | Quinta de Mutis | Mezanecs | 24/06/2020 | 156 | Compra | 0.00 | |||||
| 07/05/2025 | 5 | 372.41 C965pro | 100166828 | 11/12/2025 | Cuadernillo | Ej.5 | 0.00 | 05/11/2020 | Libro | DEWEY | Libro | Quinta de Mutis | Quinta de Mutis | Mezanecs | 05/11/2020 | 156 | Compra | 0.00 |